Les époux des souverains européens en 2024 - Statistiques

Statistiques générales
  • Ce quiz a été pris 16 fois
    3 depuis la dernière actualisation
  • Le résultat moyen est 5 sur 10
Statistiques - réponses
Epoux/Epouse Souverain/Souveraine % Correct
Charlène Wittstock Albert II de Monaco
100%
Camilla Shand Charles III d'Angleterre
100%
Letizia Ortiz Rocasolano Philippe VI d'Espagne
100%
Sonja Haraldsen Harald V de Norvège
67%
Mathilde d'Udekem d'Acoz Philippe de Belgique
67%
Maria Teresa Mestre Batista Henri de Luxembourg
33%
Maxima Zorreguieta Willem-Alexander des Pays-Bas
33%
Sibia Sommerlath Charles XVI Gustave de Suède
0%
Mary Donaldson Frederik X de Danemark
0%
Marie Kinsky von Wichinitz und Tettau Hans-Adam II de Liechtenstein
0%
Aucun quiz correspondant
Distribution des résultats
% des personnes avec chaque résultat
Percentile par nombre de réponses
Votre historique - résultats
Vous n’avez pas pris ce quiz depuis la dernière actualisation